[Event "WCO 2016"]
[Site "?"]
[Date "2016.09.11"]
[Round "9"]
[Board "34"]
[WhiteID "7600569"]
[White "Bello Gassan"]
[BlackID "4803361"]
[Black "Mohammed Zozek Salah Mohammed"]
[Result "0-1"]
[BlackElo "2251"]
[WhiteElo "2096"]
[LiveChessVersion "1.4.8"]

1. e4 {[%clk 1:30:55]} c5 {[%clk 1:30:55]} 2. Nc3 {[%clk 1:31:08]} d6
{[%clk 1:31:17]} 3. g3 {[%clk 1:29:39]} g6 {[%clk 1:30:06]} 4. Bg2
{[%clk 1:29:47]} Bg7 {[%clk 1:30:25]} 5. f4 {[%clk 1:28:11]} e6 {[%clk 1:29:57]}
6. d3 {[%clk 1:27:12]} Ne7 {[%clk 1:30:01]} 7. Nf3 {[%clk 1:27:22]} Nbc6
{[%clk 1:29:58]} 8. O-O {[%clk 1:26:57]} Rb8 {[%clk 1:26:42]} 9. Be3
{[%clk 1:27:00]} O-O {[%clk 1:23:34]} 10. Qd2 {[%clk 1:26:43]} b5
{[%clk 1:17:50]} 11. h3 {[%clk 1:16:08]} b4 {[%clk 1:14:24]} 12. Nd1
{[%clk 1:16:29]} Qb6 {[%clk 1:10:55]} 13. Kh2 {[%clk 1:14:09]} a5
{[%clk 1:09:17]} 14. Rb1 {[%clk 1:08:14]} a4 {[%clk 1:07:58]} 15. Nf2
{[%clk 1:05:32]} d5 {[%clk 1:01:49]} 16. Nh1 {[%clk 1:05:32]} Ba6
{[%clk 0:53:12]} 17. e5 {[%clk 0:57:11]} b3 {[%clk 0:49:04]} 18. axb3
{[%clk 0:57:10]} axb3 {[%clk 0:49:21]} 19. c3 {[%clk 0:57:13]} Rfd8
{[%clk 0:43:00]} 20. Ra1 {[%clk 0:54:33]} d4 {[%clk 0:40:34]} 21. cxd4
{[%clk 0:54:12]} cxd4 {[%clk 0:39:29]} 22. Bg1 {[%clk 0:54:09]} Nb4
{[%clk 0:37:32]} 23. Ne1 {[%clk 0:43:45]} Nf5 {[%clk 0:33:48]} 24. Be4
{[%clk 0:41:39]} Ne3 {[%clk 0:31:30]} 25. Rf3 {[%clk 0:41:47]} Nbc2
{[%clk 0:20:56]} 26. Nxc2 {[%clk 0:35:53]} Nxc2 {[%clk 0:17:15]} 27. Rc1
{[%clk 0:35:46]} Rbc8 {[%clk 0:17:16]} 28. Rff1 {[%clk 0:34:54]} Bf8
{[%clk 0:16:55]} 29. g4 {[%clk 0:28:43]} Bb4 {[%clk 0:12:45]} 30. Qg2
{[%clk 0:26:55]} Qa5 {[%clk 0:09:38]} 31. Qg3 {[%clk 0:23:21]} Bd2
{[%clk 0:08:57]} 32. Rb1 {[%clk 0:18:42]} Ne3 {[%clk 0:06:16]} 33. Bxe3
{[%clk 0:15:56]} dxe3 {[%clk 0:05:53]} 34. Qf3 {[%clk 0:13:24]} Bxd3
{[%clk 0:05:36]} 35. Bxd3 {[%clk 0:13:22]} Rxd3 {[%clk 0:05:58]} 36. Ng3
{[%clk 0:12:35]} Rc2 {[%clk 0:05:00]} 37. Ne4 {[%clk 0:10:12]} Bc1+
{[%clk 0:01:39]} 38. Kg3 {[%clk 0:07:08]} Bxb2 {[%clk 0:01:31]} 39. Nf6+
{[%clk 0:06:48]} Kg7 {[%clk 0:01:41]} 40. Kh4 {[%clk 0:33:21]} Qa6
{[%clk 0:30:41]} 41. Rfd1 {[%clk 0:32:20]} Rcd2 {[%clk 0:26:29]} 42. Re1
{[%clk 0:30:46]} e2 {[%clk 0:24:58]} 43. Qe4 {[%clk 0:30:25]} Bd4
{[%clk 0:25:08]} 44. Rxe2 {[%clk 0:30:36]} Rxe2 {[%clk 0:25:07]} 45. Qxe2
{[%clk 0:28:35]} Rxh3+ {[%clk 0:25:29]} 0-1

[Event "WCO 2016"]
[Site "?"]
[Date "2016.09.11"]
[Round "9"]
[Board "35"]
[WhiteID "4800575"]
[White "Salih Akar Ali Salih"]
[BlackID "7602421"]
[Black "Sohib Okla"]
[Result "1/2-1/2"]
[BlackElo "2153"]
[WhiteElo "2302"]
[LiveChessVersion "1.4.8"]

1. e4 {[%clk 1:30:55]} e5 {[%clk 1:30:23]} 2. Nf3 {[%clk 1:31:15]} Nc6
{[%clk 1:30:41]} 3. c3 {[%clk 1:31:35]} d6 {[%clk 1:29:15]} 4. d4
{[%clk 1:31:19]} Be7 {[%clk 1:24:20]} 5. Bb5 {[%clk 1:27:05]} Bd7
{[%clk 1:23:32]} 6. d5 {[%clk 1:24:44]} Nb8 {[%clk 1:23:12]} 7. c4
{[%clk 1:21:54]} c6 {[%clk 1:11:05]} 8. Ba4 {[%clk 1:20:28]} cxd5
{[%clk 1:10:48]} 9. Bxd7+ {[%clk 1:18:57]} Nxd7 {[%clk 1:09:01]} 10. cxd5
{[%clk 1:19:14]} Ngf6 {[%clk 1:06:46]} 11. Nc3 {[%clk 1:19:31]} O-O
{[%clk 1:02:37]} 12. O-O {[%clk 1:18:29]} Nc5 {[%clk 0:58:58]} 13. Re1
{[%clk 1:16:57]} a5 {[%clk 0:39:36]} 14. Nd2 {[%clk 0:54:34]} a4 {[%clk 0:29:31]}
15. Qe2 {[%clk 0:46:46]} Qa5 {[%clk 0:27:20]} 16. Nc4 {[%clk 0:31:43]} Qa6
{[%clk 0:26:37]} 17. Na3 {[%clk 0:15:42]} Rfc8 {[%clk 0:25:54]} 18. Qxa6
{[%clk 0:14:14]} bxa6 {[%clk 0:25:52]} 19. Re2 {[%clk 0:05:03]} Rab8
{[%clk 0:25:48]} 20. Bg5 {[%clk 0:00:42]} Rb4 {[%clk 0:24:31]} 21. Bxf6
{[%clk 0:00:47]} Bxf6 {[%clk 0:24:38]} 22. f3 {[%clk 0:00:39]} Bg5
{[%clk 0:23:51]} 23. Rb1 {[%clk 0:00:41]} Rcb8 {[%clk 0:23:29]} 24. Nd1
{[%clk 0:00:54]} g6 {[%clk 0:19:19]} 25. Rc2 {[%clk 0:01:18]} f5 {[%clk 0:18:31]}
26. Nc4 {[%clk 0:00:52]} Nb7 {[%clk 0:11:10]} 27. a3 {[%clk 0:01:10]} Rb3
{[%clk 0:11:02]} 28. Nc3 {[%clk 0:01:39]} Rc8 {[%clk 0:11:05]} 29. Nxa4
{[%clk 0:02:00]} fxe4 {[%clk 0:09:57]} 30. fxe4 {[%clk 0:02:24]} Re3
{[%clk 0:07:44]} 31. Nab6 {[%clk 0:01:29]} Rc7 {[%clk 0:07:05]} 32. Na8
{[%clk 0:01:33]} Rc8 {[%clk 0:06:46]} 33. Nab6 {[%clk 0:02:01]} Rc7
{[%clk 0:06:31]} 34. Na8 Rc8 {[%clk 0:06:16]} 35. Nab6 {[%clk 0:02:23]} Rc7
{[%clk 0:06:04]} 36. Na8 {[%clk 0:02:33]} Rc8 {[%clk 0:06:04]} 1/2-1/2

[Event "WCO 2016"]
[Site "?"]
[Date "2016.09.11"]
[Round "9"]
[Board "36"]
[WhiteID "7600402"]
[White "Alzaim Talal"]
[BlackID "4801849"]
[Black "Abdulwahhab Ahmed Abdulsattar A"]
[Result "1-0"]
[BlackElo "2236"]
[WhiteElo "2259"]
[LiveChessVersion "1.4.8"]

1. d4 {[%clk 1:30:54]} Nf6 {[%clk 1:30:44]} 2. Nf3 {[%clk 1:31:13]} g6
{[%clk 1:30:36]} 3. c4 {[%clk 1:29:52]} Bg7 {[%clk 1:30:55]} 4. Nc3
{[%clk 1:28:07]} O-O {[%clk 1:30:55]} 5. e4 {[%clk 1:27:35]} d6 {[%clk 1:31:16]}
6. Be2 {[%clk 1:27:48]} Na6 {[%clk 1:30:46]} 7. O-O {[%clk 1:27:32]} e5
{[%clk 1:30:55]} 8. Be3 {[%clk 1:17:07]} Ng4 {[%clk 1:29:54]} 9. Bg5
{[%clk 1:16:44]} Qe8 {[%clk 1:29:54]} 10. dxe5 {[%clk 1:13:52]} dxe5
{[%clk 1:26:03]} 11. Nd5 {[%clk 1:10:12]} f6 {[%clk 1:23:05]} 12. Bd2
{[%clk 1:07:40]} c6 {[%clk 1:22:47]} 13. Nc3 {[%clk 1:04:46]} Nc5
{[%clk 1:14:19]} 14. Re1 {[%clk 1:02:53]} f5 {[%clk 1:06:26]} 15. Ng5
{[%clk 0:51:44]} h6 {[%clk 0:59:38]} 16. exf5 {[%clk 0:43:27]} hxg5
{[%clk 0:44:39]} 17. Bxg4 {[%clk 0:41:01]} gxf5 {[%clk 0:44:53]} 18. Bh5
{[%clk 0:39:47]} Qe7 {[%clk 0:39:16]} 19. Be2 {[%clk 0:34:16]} Be6
{[%clk 0:28:29]} 20. Qc2 {[%clk 0:32:19]} f4 {[%clk 0:23:59]} 21. Ne4
{[%clk 0:18:52]} Nxe4 {[%clk 0:17:41]} 22. Qxe4 {[%clk 0:19:08]} g4
{[%clk 0:16:04]} 23. Qc2 {[%clk 0:15:08]} Qh4 {[%clk 0:11:01]} 24. g3
{[%clk 0:11:43]} Qh5 {[%clk 0:11:03]} 25. Bb4 {[%clk 0:09:39]} Rf7
{[%clk 0:09:35]} 26. Bd3 {[%clk 0:07:36]} f3 {[%clk 0:09:33]} 27. h4
{[%clk 0:05:45]} gxh3 {[%clk 0:08:20]} 28. Kh2 {[%clk 0:06:13]} Bf5
{[%clk 0:07:14]} 29. Bxf5 {[%clk 0:05:52]} Rxf5 {[%clk 0:07:15]} 30. Re4
{[%clk 0:06:17]} Qf7 {[%clk 0:06:44]} 31. Rae1 {[%clk 0:05:36]} Rd8
{[%clk 0:06:32]} 32. Bc3 {[%clk 0:05:34]} Qe6 {[%clk 0:05:43]} 33. b3
{[%clk 0:05:40]} Qd6 {[%clk 0:03:33]} 34. Rg4 {[%clk 0:04:21]} Rdf8
{[%clk 0:02:43]} 35. Qe4 {[%clk 0:02:45]} Kh8 {[%clk 0:01:53]} 36. Rxg7
{[%clk 0:02:04]} Kxg7 {[%clk 0:02:17]} 37. Bxe5+ {[%clk 0:02:32]} Rxe5
{[%clk 0:02:40]} 38. Qxe5+ {[%clk 0:02:58]} Qxe5 {[%clk 0:01:49]} 39. Rxe5
{[%clk 0:03:25]} Rd8 {[%clk 0:01:03]} 40. Re3 {[%clk 0:32:55]} Rd2
{[%clk 0:31:18]} 41. Rxf3 {[%clk 0:32:57]} Rxa2 {[%clk 0:31:40]} 42. Kxh3
{[%clk 0:33:18]} Ra3 {[%clk 0:29:13]} 43. c5 {[%clk 0:22:24]} b6 {[%clk 0:25:16]}
44. cxb6 {[%clk 0:22:20]} axb6 {[%clk 0:25:40]} 45. Rc3 {[%clk 0:21:56]} c5
{[%clk 0:25:53]} 46. f4 {[%clk 0:22:22]} Kf6 {[%clk 0:24:07]} 47. g4
{[%clk 0:22:13]} Ke6 {[%clk 0:20:43]} 48. Kh4 {[%clk 0:21:16]} Kd5
{[%clk 0:21:00]} 49. g5 {[%clk 0:17:49]} Kd4 {[%clk 0:10:48]} 50. Rg3
{[%clk 0:14:31]} Ke4 {[%clk 0:09:54]} 51. g6 {[%clk 0:10:10]} Ra8
{[%clk 0:09:57]} 52. Kg5 {[%clk 0:10:07]} Rf8 {[%clk 0:09:46]} 53. Rg1
{[%clk 0:08:51]} Rf5+ {[%clk 0:06:19]} 54. Kh6 {[%clk 0:06:53]} Rf6
{[%clk 0:06:41]} 55. Kh7 {[%clk 0:05:28]} Rxf4 {[%clk 0:04:45]} 56. g7
{[%clk 0:05:09]} Rf7 {[%clk 0:05:09]} 57. Rg6 {[%clk 0:04:50]} b5
{[%clk 0:05:20]} 58. Rg5 {[%clk 0:04:07]} Kd4 {[%clk 0:05:40]} 59. Kg6
{[%clk 0:04:34]} Rxg7+ {[%clk 0:05:52]} 60. Kxg7 {[%clk 0:05:03]} b4
{[%clk 0:04:27]} 61. Rg3 {[%clk 0:05:12]} c4 {[%clk 0:04:40]} 62. Rg4+
{[%clk 0:05:30]} Kc3 {[%clk 0:04:33]} 63. bxc4 {[%clk 0:05:42]} b3
{[%clk 0:04:40]} 64. c5 {[%clk 0:06:05]} 1-0

[Event "WCO 2016"]
[Site "?"]
[Date "2016.09.11"]
[Round "9"]
[Board "33"]
[WhiteID "7400179"]
[White "Elliott Warren"]
[BlackID "12300055"]
[Black "Shrestha Keshav"]
[Result "1/2-1/2"]
[BlackElo "2099"]
[WhiteElo "2238"]
[LiveChessVersion "1.4.8"]

1. d4 {[%clk 1:30:54]} Nf6 {[%clk 1:30:39]} 2. c4 {[%clk 1:29:40]} e5
{[%clk 1:30:17]} 3. dxe5 {[%clk 1:30:02]} Ng4 {[%clk 1:30:33]} 4. Bf4
{[%clk 1:30:20]} Nc6 {[%clk 1:29:14]} 5. Nf3 {[%clk 1:30:09]} Bb4+
{[%clk 1:29:07]} 6. Nbd2 {[%clk 1:29:49]} Qe7 {[%clk 1:29:00]} 7. a3
{[%clk 1:28:10]} Ngxe5 {[%clk 1:28:28]} 8. Nxe5 {[%clk 1:28:16]} Nxe5
{[%clk 1:27:37]} 9. e3 {[%clk 1:28:35]} Bxd2+ {[%clk 1:27:27]} 10. Qxd2
{[%clk 1:28:59]} O-O {[%clk 1:19:07]} 11. Be2 {[%clk 1:27:39]} d6
{[%clk 1:17:18]} 12. O-O {[%clk 1:27:43]} b6 {[%clk 1:15:43]} 13. b4
{[%clk 1:24:23]} Bb7 {[%clk 1:13:48]} 14. Rac1 {[%clk 1:23:09]} Rad8
{[%clk 1:12:41]} 15. Qc3 {[%clk 1:12:20]} Rfe8 {[%clk 1:07:25]} 16. Rfd1
{[%clk 1:07:22]} Ng6 {[%clk 1:06:21]} 17. Bg3 {[%clk 1:07:05]} Qg5
{[%clk 0:57:36]} 18. Rd4 {[%clk 1:00:18]} Re4 {[%clk 0:49:11]} 19. Rxe4
{[%clk 0:51:48]} Bxe4 {[%clk 0:49:35]} 20. Qd4 {[%clk 0:46:08]} Re8
{[%clk 0:43:02]} 21. c5 {[%clk 0:42:34]} dxc5 {[%clk 0:38:34]} 22. bxc5
{[%clk 0:42:44]} h5 {[%clk 0:33:31]} 23. f4 {[%clk 0:26:52]} Qf5 {[%clk 0:30:15]}
24. cxb6 {[%clk 0:26:52]} cxb6 {[%clk 0:28:36]} 25. Rc7 {[%clk 0:26:37]} h4
{[%clk 0:21:26]} 26. Be1 {[%clk 0:25:08]} Nf8 {[%clk 0:16:17]} 27. Bc4
{[%clk 0:05:30]} Ne6 {[%clk 0:10:37]} 28. Bxe6 {[%clk 0:05:57]} Qxe6
{[%clk 0:11:05]} 29. Qd7 {[%clk 0:04:33]} Qxd7 {[%clk 0:10:22]} 30. Rxd7
{[%clk 0:05:02]} Rc8 {[%clk 0:10:19]} 31. Bxh4 {[%clk 0:03:43]} Rc1+
{[%clk 0:08:03]} 32. Kf2 {[%clk 0:04:12]} Rc2+ {[%clk 0:08:19]} 33. Ke1
{[%clk 0:04:18]} Rxg2 {[%clk 0:07:23]} 34. Rxa7 {[%clk 0:03:12]} Rxh2
{[%clk 0:07:16]} 35. Bd8 {[%clk 0:02:46]} Rb2 {[%clk 0:05:52]} 36. Ra6
{[%clk 0:02:01]} b5 {[%clk 0:05:18]} 37. Be7 {[%clk 0:01:13]} f6 {[%clk 0:04:09]}
38. Rb6 {[%clk 0:01:10]} Kf7 {[%clk 0:02:39]} 39. Bc5 {[%clk 0:01:31]} Rb3
{[%clk 0:02:18]} 40. Ra6 {[%clk 0:30:50]} Kg6 {[%clk 0:32:01]} 41. Ra7
{[%clk 0:29:13]} Kh6 {[%clk 0:28:23]} 42. Bd4 {[%clk 0:25:21]} Kg6
{[%clk 0:24:05]} 43. Kd2 {[%clk 0:21:56]} Rd3+ {[%clk 0:22:25]} 44. Ke2
{[%clk 0:22:14]} Rb3 {[%clk 0:22:25]} 45. Kd2 {[%clk 0:22:28]} Rd3+
{[%clk 0:22:23]} 46. Ke2 {[%clk 0:22:26]} Rb3 {[%clk 0:22:45]} 47. Kd2
{[%clk 0:17:20]} 1/2-1/2

[Event "WCO 2016"]
[Site "?"]
[Date "2016.09.11"]
[Round "9"]
[Board "34"]
[WhiteID "12301906"]
[White "Maharjan Sajin"]
[BlackID "7400519"]
[Black "Davy Damion"]
[Result "0-1"]
[BlackElo "2117"]
[WhiteElo "2034"]
[LiveChessVersion "1.4.8"]

1. e4 {[%clk 1:30:55]} c5 {[%clk 1:30:54]} 2. Nc3 {[%clk 1:30:56]} e6
{[%clk 1:31:07]} 3. f4 {[%clk 1:30:33]} d5 {[%clk 1:30:26]} 4. Bb5+
{[%clk 1:30:31]} Nc6 {[%clk 1:30:38]} 5. Nf3 {[%clk 1:30:17]} dxe4
{[%clk 1:28:23]} 6. Nxe4 {[%clk 1:25:31]} Bd7 {[%clk 1:28:43]} 7. O-O
{[%clk 1:18:00]} a6 {[%clk 1:22:43]} 8. Bxc6 {[%clk 1:15:10]} Bxc6
{[%clk 1:23:07]} 9. Qe2 {[%clk 1:14:39]} Nf6 {[%clk 1:19:52]} 10. Nxf6+
{[%clk 1:07:32]} gxf6 {[%clk 1:18:14]} 11. d3 {[%clk 1:04:41]} Qd5
{[%clk 1:14:48]} 12. Be3 {[%clk 1:01:08]} O-O-O {[%clk 1:14:56]} 13. a3
{[%clk 0:57:48]} Rg8 {[%clk 1:08:16]} 14. Rad1 {[%clk 0:51:28]} Be7
{[%clk 1:06:36]} 15. Rf2 {[%clk 0:49:33]} Rg7 {[%clk 1:01:06]} 16. c4
{[%clk 0:48:08]} Qh5 {[%clk 0:58:39]} 17. Ne1 {[%clk 0:30:22]} Qf5
{[%clk 0:56:10]} 18. d4 {[%clk 0:25:51]} Qe4 {[%clk 0:51:55]} 19. Qf3
{[%clk 0:20:24]} Qf5 {[%clk 0:41:58]} 20. Qe2 {[%clk 0:20:41]} Rdg8
{[%clk 0:39:13]} 21. dxc5 {[%clk 0:16:56]} Bxc5 {[%clk 0:35:29]} 22. Bxc5
{[%clk 0:13:13]} Qxc5 {[%clk 0:35:33]} 23. b4 {[%clk 0:13:08]} Rxg2+
{[%clk 0:23:17]} 24. Nxg2 {[%clk 0:13:26]} Rxg2+ {[%clk 0:23:46]} 25. Kf1
{[%clk 0:13:45]} Rxf2+ {[%clk 0:24:11]} 26. Qxf2 {[%clk 0:13:36]} Qxc4+
{[%clk 0:24:36]} 27. Ke1 {[%clk 0:08:18]} Qe4+ {[%clk 0:18:27]} 28. Kd2
{[%clk 0:07:52]} Kb8 {[%clk 0:18:16]} 29. Kc3 {[%clk 0:07:40]} Bd5
{[%clk 0:17:44]} 30. Qd4 {[%clk 0:04:11]} Qf3+ {[%clk 0:17:42]} 31. Qd3
{[%clk 0:02:17]} Qxf4 {[%clk 0:17:45]} 32. Qg3 {[%clk 0:02:29]} Qxg3+
{[%clk 0:17:52]} 33. hxg3 {[%clk 0:02:59]} Kc7 {[%clk 0:17:55]} 34. Rf1
{[%clk 0:02:45]} f5 {[%clk 0:14:48]} 35. Rf4 {[%clk 0:02:47]} h5 {[%clk 0:13:20]}
36. Kd4 {[%clk 0:02:42]} Kd6 {[%clk 0:13:37]} 37. Ke3 {[%clk 0:02:53]} Kc6
{[%clk 0:11:16]} 38. Rh4 {[%clk 0:01:57]} Kb5 {[%clk 0:11:34]} 39. Rxh5
{[%clk 0:01:42]} Ka4 {[%clk 0:12:00]} 40. Kd4 {[%clk 0:31:53]} Kxa3
{[%clk 0:42:13]} 41. Kc5 {[%clk 0:27:24]} b6+ {[%clk 0:41:56]} 42. Kxb6
{[%clk 0:26:56]} Kxb4 {[%clk 0:42:22]} 43. Kxa6 {[%clk 0:26:57]} Kc5
{[%clk 0:40:47]} 44. Ka5 {[%clk 0:25:38]} Kd4 {[%clk 0:39:39]} 45. Kb4
{[%clk 0:26:01]} e5 {[%clk 0:32:48]} 46. Rxf5 {[%clk 0:25:27]} e4
{[%clk 0:33:14]} 47. Rf4 {[%clk 0:25:47]} Be6 {[%clk 0:33:40]} 48. g4
{[%clk 0:20:13]} Kd3 {[%clk 0:32:45]} 49. g5 {[%clk 0:20:05]} e3 {[%clk 0:32:55]}
50. Rf3 {[%clk 0:20:16]} Ke4 {[%clk 0:31:02]} 51. Rf1 {[%clk 0:18:51]} e2
{[%clk 0:31:29]} 52. Rh1 {[%clk 0:19:00]} Kd3 {[%clk 0:31:45]} 53. Kc5
{[%clk 0:18:16]} Kd2 {[%clk 0:31:48]} 54. Kd6 {[%clk 0:18:45]} Bf5
{[%clk 0:32:07]} 55. Ke5 {[%clk 0:18:25]} Bg6 {[%clk 0:32:30]} 56. Kd4
{[%clk 0:18:42]} e1=Q {[%clk 0:32:37]} 0-1

[Event "WCO 2016"]
[Site "?"]
[Date "2016.09.11"]
[Round "9"]
[Board "35"]
[WhiteID "7400330"]
[White "Lorne Malaku"]
[BlackID "12310654"]
[Black "Bhandari Kshitiz"]
[Result "0-1"]
[BlackElo "2013"]
[WhiteElo "2161"]
[LiveChessVersion "1.4.8"]

1. d4 {[%clk 1:30:48]} Nf6 {[%clk 1:30:47]} 2. Nf3 {[%clk 1:30:48]} g6
{[%clk 1:30:41]} 3. g3 {[%clk 1:29:57]} Bg7 {[%clk 1:31:01]} 4. Bg2
{[%clk 1:30:00]} O-O {[%clk 1:30:43]} 5. c4 {[%clk 1:30:06]} d6 {[%clk 1:30:34]}
6. Nc3 {[%clk 1:30:14]} c6 {[%clk 1:29:28]} 7. O-O {[%clk 1:30:04]} Nbd7
{[%clk 1:27:15]} 8. h3 {[%clk 1:27:59]} e5 {[%clk 1:27:20]} 9. e4
{[%clk 1:27:31]} Re8 {[%clk 1:24:19]} 10. Be3 {[%clk 1:24:47]} a5
{[%clk 1:10:20]} 11. Qc2 {[%clk 1:21:57]} exd4 {[%clk 1:08:42]} 12. Nxd4
{[%clk 1:21:14]} Nc5 {[%clk 1:06:24]} 13. Rfe1 {[%clk 1:13:53]} a4
{[%clk 0:59:27]} 14. Rad1 {[%clk 1:07:13]} Nfd7 {[%clk 0:59:18]} 15. f4
{[%clk 1:03:12]} Qa5 {[%clk 0:49:11]} 16. a3 {[%clk 0:52:31]} Nb6
{[%clk 0:43:06]} 17. Nce2 {[%clk 0:40:16]} Qa6 {[%clk 0:35:59]} 18. Rc1
{[%clk 0:39:30]} d5 {[%clk 0:28:59]} 19. Nb5 {[%clk 0:24:21]} cxb5
{[%clk 0:27:01]} 20. cxb5 {[%clk 0:22:06]} Qxb5 {[%clk 0:25:06]} 21. Qxc5
{[%clk 0:22:11]} Qxc5 {[%clk 0:25:16]} 22. Bxc5 {[%clk 0:21:28]} Nc4
{[%clk 0:18:18]} 23. exd5 {[%clk 0:10:32]} Nxb2 {[%clk 0:16:26]} 24. Nd4
{[%clk 0:10:16]} Rxe1+ {[%clk 0:15:35]} 25. Rxe1 {[%clk 0:10:44]} Bd7
{[%clk 0:16:00]} 26. Rb1 {[%clk 0:06:32]} Ra5 {[%clk 0:12:11]} 27. Bb6
{[%clk 0:05:00]} Ra6 {[%clk 0:12:36]} 28. Rxb2 {[%clk 0:02:29]} Rxb6
{[%clk 0:12:59]} 29. Rd2 {[%clk 0:02:38]} Bf8 {[%clk 0:11:30]} 30. Rd3
{[%clk 0:01:02]} Bc5 {[%clk 0:10:59]} 31. Kh2 {[%clk 0:01:04]} Rb2
{[%clk 0:10:45]} 32. Nf3 {[%clk 0:01:00]} f6 {[%clk 0:10:45]} 33. g4
{[%clk 0:01:02]} Bd6 {[%clk 0:10:45]} 34. Kg1 {[%clk 0:00:50]} Bxf4
{[%clk 0:10:52]} 35. Nd4 {[%clk 0:01:06]} Bd6 {[%clk 0:10:07]} 36. Bf1
{[%clk 0:00:45]} Bc5 {[%clk 0:10:02]} 37. Kh1 {[%clk 0:01:01]} Kf7
{[%clk 0:07:22]} 38. Ne6 {[%clk 0:00:36]} Bb6 {[%clk 0:07:31]} 39. Bg2
{[%clk 0:00:38]} Ke7 {[%clk 0:07:02]} 40. Nd4 {[%clk 0:30:33]} Kd6
{[%clk 0:37:18]} 41. Kh2 {[%clk 0:30:14]} Bc5 {[%clk 0:30:52]} 42. Kg3
{[%clk 0:19:18]} b5 {[%clk 0:26:22]} 43. Ne6 {[%clk 0:10:27]} Bf2+
{[%clk 0:22:03]} 44. Kf4 {[%clk 0:09:16]} Be1 {[%clk 0:21:10]} 45. Bf3
{[%clk 0:07:40]} b4 {[%clk 0:19:58]} 46. axb4 {[%clk 0:06:56]} Bxb4
{[%clk 0:20:14]} 47. Rd1 {[%clk 0:01:04]} a3 {[%clk 0:19:58]} 48. Nd4
{[%clk 0:01:06]} Bc3 {[%clk 0:18:40]} 49. Ne2 {[%clk 0:01:16]} Be5+
{[%clk 0:19:01]} 50. Ke4 {[%clk 0:01:12]} a2 {[%clk 0:18:41]} 51. Ra1
{[%clk 0:01:05]} Rb4+ {[%clk 0:18:59]} 0-1

[Event "WCO 2016"]
[Site "?"]
[Date "2016.09.11"]
[Round "9"]
[Board "36"]
[WhiteID "12300047"]
[White "Shrestha Bilam Lal"]
[BlackID "7400500"]
[Black "Wilson Brandon"]
[Result "1-0"]
[BlackElo "2074"]
[WhiteElo "2017"]
[LiveChessVersion "1.4.8"]

1. e4 {[%clk 1:30:01]} c5 {[%clk 1:30:48]} 2. Nf3 {[%clk 1:30:25]} Nc6
{[%clk 1:31:08]} 3. d4 {[%clk 1:30:43]} cxd4 {[%clk 1:31:25]} 4. Nxd4
{[%clk 1:31:11]} g6 {[%clk 1:31:41]} 5. Nxc6 {[%clk 1:30:46]} bxc6
{[%clk 1:32:01]} 6. Qd4 {[%clk 1:30:18]} Nf6 {[%clk 1:31:52]} 7. e5
{[%clk 1:29:44]} Nh5 {[%clk 1:31:25]} 8. Be2 {[%clk 1:29:30]} Ng7
{[%clk 1:30:54]} 9. O-O {[%clk 1:28:26]} Ne6 {[%clk 1:29:52]} 10. Qe3
{[%clk 1:28:49]} Bg7 {[%clk 1:29:53]} 11. f4 {[%clk 1:28:22]} Qb6
{[%clk 1:29:01]} 12. a4 {[%clk 1:23:25]} d6 {[%clk 1:24:22]} 13. Qxb6
{[%clk 1:21:03]} axb6 {[%clk 1:24:44]} 14. exd6 {[%clk 1:21:13]} exd6
{[%clk 1:22:27]} 15. c3 {[%clk 1:21:06]} Nc5 {[%clk 1:14:36]} 16. Bd1
{[%clk 1:20:57]} Be6 {[%clk 1:11:20]} 17. Nd2 {[%clk 1:20:29]} Kd7
{[%clk 1:04:08]} 18. Ra3 {[%clk 1:17:05]} Ra7 {[%clk 0:46:16]} 19. b4
{[%clk 1:16:49]} Nd3 {[%clk 0:46:15]} 20. Bc2 {[%clk 1:17:15]} Nxc1
{[%clk 0:44:40]} 21. Rxc1 {[%clk 1:17:42]} f5 {[%clk 0:39:23]} 22. Re1
{[%clk 1:16:44]} Bf6 {[%clk 0:36:46]} 23. Nf3 {[%clk 1:13:29]} Rc8
{[%clk 0:34:50]} 24. Nd4 {[%clk 1:08:13]} Bxd4+ {[%clk 0:30:20]} 25. cxd4
{[%clk 1:08:39]} Re8 {[%clk 0:30:10]} 26. Rae3 {[%clk 1:08:36]} Raa8
{[%clk 0:29:58]} 27. Kf2 {[%clk 1:07:45]} Bd5 {[%clk 0:25:50]} 28. Rxe8
{[%clk 1:07:36]} Rxe8 {[%clk 0:26:02]} 29. Rxe8 {[%clk 1:07:58]} Kxe8
{[%clk 0:26:27]} 30. h3 {[%clk 1:08:19]} Kd7 {[%clk 0:24:05]} 31. g4
{[%clk 1:08:31]} Ke6 {[%clk 0:13:54]} 32. a5 {[%clk 1:07:02]} bxa5
{[%clk 0:12:31]} 33. bxa5 {[%clk 1:07:30]} c5 {[%clk 0:11:19]} 34. Ke3
{[%clk 1:07:13]} c4 {[%clk 0:08:41]} 35. a6 {[%clk 1:05:51]} Bc6 {[%clk 0:06:07]}
36. gxf5+ {[%clk 1:04:42]} gxf5 {[%clk 0:06:20]} 37. Kd2 {[%clk 1:04:56]} h6
{[%clk 0:05:31]} 38. Kc3 {[%clk 1:05:14]} Bd5 {[%clk 0:04:16]} 39. Ba4
{[%clk 1:05:00]} Ke7 {[%clk 0:03:51]} 40. Bb5 {[%clk 1:35:12]} Kd8
{[%clk 0:33:51]} 41. Bxc4 {[%clk 1:35:26]} Bg2 {[%clk 0:33:24]} 42. Kb4
{[%clk 1:34:15]} Kc7 {[%clk 0:33:53]} 43. Ka5 {[%clk 1:33:36]} Be4
{[%clk 0:20:06]} 44. h4 {[%clk 1:28:40]} Kc6 {[%clk 0:19:29]} 45. Bb3
{[%clk 1:27:29]} Kc7 {[%clk 0:19:13]} 46. Ba4 {[%clk 1:27:55]} Bd5
{[%clk 0:17:57]} 47. Bc2 {[%clk 1:27:53]} Be6 {[%clk 0:17:50]} 48. Bd3
{[%clk 1:27:19]} Kc6 {[%clk 0:17:10]} 49. Bc2 {[%clk 1:22:56]} Kc7
{[%clk 0:17:06]} 50. Bd1 {[%clk 1:21:02]} Bd5 {[%clk 0:17:26]} 51. Bh5
{[%clk 1:21:28]} Be4 {[%clk 0:17:03]} 52. Bf7 {[%clk 1:21:30]} Kc6
{[%clk 0:16:34]} 53. Bc4 {[%clk 1:17:10]} Kc7 {[%clk 0:16:27]} 54. Kb4
{[%clk 1:17:08]} Kb6 {[%clk 0:15:56]} 55. Be2 {[%clk 1:15:48]} Bb1
{[%clk 0:10:30]} 56. Kc3 {[%clk 1:12:27]} Be4 {[%clk 0:10:37]} 57. Kd2
{[%clk 1:08:19]} Ka7 {[%clk 0:10:49]} 58. Kc3 {[%clk 1:04:59]} Kb6
{[%clk 0:11:13]} 59. Kb4 {[%clk 1:05:12]} Bb1 {[%clk 0:11:14]} 60. Bc4
{[%clk 1:02:20]} Be4 {[%clk 0:10:47]} 61. Bb5 {[%clk 1:00:43]} Bb1
{[%clk 0:10:01]} 62. Bc4 {[%clk 0:54:50]} Be4 {[%clk 0:10:15]} 63. Kc3
{[%clk 0:55:05]} Ka7 {[%clk 0:10:02]} 64. Bd3 {[%clk 0:54:36]} Bxd3
{[%clk 0:10:14]} 65. Kxd3 {[%clk 0:55:05]} d5 {[%clk 0:10:36]} 66. Kc3
{[%clk 0:55:16]} Kxa6 {[%clk 0:10:54]} 67. Kb4 {[%clk 0:55:44]} Kb6
{[%clk 0:11:13]} 68. h5 {[%clk 0:56:03]} Kc6 {[%clk 0:02:25]} 69. Ka5
{[%clk 0:56:30]} Kc7 {[%clk 0:02:00]} 70. Kb5 {[%clk 0:56:50]} Kd6
{[%clk 0:01:40]} 71. Kb6 {[%clk 0:57:09]} Kd7 {[%clk 0:02:00]} 72. Kc5
{[%clk 0:57:29]} Ke6 {[%clk 0:02:23]} 73. Kc6 {[%clk 0:57:51]} 1-0